| 000 | 00795cam a22002411 4500 | ||
|---|---|---|---|
| 001 | 3586543 | ||
| 003 | GBCCL | ||
| 005 | 20241126110352.0 | ||
| 008 | 770816r1965 miu 000 0 eng | ||
| 010 | _a 65007430 | ||
| 040 |
_aDLC _cMBU-T _dDLC |
||
| 050 | 1 | 0 | _aBS612 |
| 082 | 0 | 0 |
_a220.076 _bSAN |
| 100 | 1 |
_aSandison, George H. _q(George Henry), _d1850- _91887 |
|
| 240 | 1 | 0 | _aDifficult Bible questions answered |
| 245 | 1 | 0 |
_a1000 difficult Bible questions answered, _cby George H. Sandison and staff. |
| 260 |
_aGrand Rapids, _bBaker Book House, _c1965. |
||
| 300 |
_a2 v. in 1. _c20 cm. |
||
| 500 | _aFirst ed. published under title: Difficult Bible questions answered. | ||
| 630 | 0 | 0 |
_aBible _vMiscellanea. _91583 |
| 906 |
_a7 _bcbc _corignew _du _eocip _f19 _gy-gencatlg |
||
| 942 |
_2ddc _cBK _06 |
||
| 999 |
_c1060 _d1060 |
||